header

The dilemma of modernity (Record no. 234398)

MARC details
000 -LEADER
fixed length control field 01701nam a2200361 a 4500
082 04 - DEWEY DECIMAL CLASSIFICATION NUMBER
Classification number 863/.62
100 1# - MAIN ENTRY--AUTHOR NAME
Personal name McCulloch, John A.
245 14 - TITLE STATEMENT
Title The dilemma of modernity
260 ## - PUBLICATION, DISTRIBUTION, ETC. (IMPRINT)
Place of publication New York :
Name of publisher P. Lang,
Year of publication c2007.
300 ## - PHYSICAL DESCRIPTION
Number of Pages 193 p.
505 0# - FORMATTED CONTENTS NOTE
Formatted contents note The making of a Bohemian (1909-1918) -- The banquet years I (1919-1923) -- The art of un-making novels : El novelista (1923) -- The banquet years II (1924-1929) --Towards a modernist aesthetics (1930-1936) -- The 1940s and beyond -- The poetics of abstraction.
650 #0 - SUBJECT ADDED ENTRY--TOPICAL TERM
Topical Term Authors, Spanish
Topical Term Spanish fiction
856 40 - ELECTRONIC LOCATION AND ACCESS
Uniform Resource Identifier http://site.ebrary.com/lib/rucke/Doc?id=10531666

No items available.

© 2026 Rongo University
Contact us: librarian | system librarian | Rongo university